| 000 | 00489nam a22000977a 4500 | ||
|---|---|---|---|
| 008 | 160509b xxu||||| |||| 00| 0 eng d | ||
| 100 | _aWinick, Lester E. | ||
| 245 | _a The Beck handbook of printed cachets, February, 1962 to October, 1975 | ||
| 260 | _c1995 | ||
| 650 | _aUnited States | Cachets | Beck, Morris | Artists and Designers Covers | Topical Collecting | Space | Rockets and Space | United States. Navy | Maritime Mail | Military Mail | 1962-1975 20th Century | Catalogs and Price Lists | ||
| 999 |
_c1996 _d1996 |
||